Statistics for Current Liverpool Players

Click here to take the quiz!

General Stats

  • This quiz has been taken 2,409 times
    (953 since last reset)
  • The average score is 21 of 28

Answer Stats

Squad no.Country of BirthPositionName% Correct
11EgyptForwardMohamed Salah
98%
1BrazilGoalkeeperAlisson Becker
97%
4NetherlandsDefenderVirgil van Dijk
96%
10SenegalMidfielderSadio Mane
96%
9BrazilForwardRoberto Firmino
95%
14EnglandMidfielderJordan Henderson
93%
26ScotlandDefenderAndy Robertson
91%
66EnglandDefenderTrent Alexander-Arnold
91%
12EnglandDefenderJoe Gomez
88%
7EnglandMidfielderJames Milner
87%
6CroatiaDefenderDejan Lovren
86%
8GuineaMidfielderNaby Keita
85%
13SpainGoalkeeperAdrian
84%
5NetherlandsMidfielderGeorginio Wijnaldum
84%
27BelgiumForwardDivock Origi
83%
18JapanForwardTakumi Minamino
83%
3BrazilDefenderFabinho
81%
23SwitzerlandMidfielderXherdan Shaqiri
79%
32GermanyDefenderJoel Matip
72%
48EnglandMidfielderCurtis Jones
63%
15EnglandMidfielderAlex Oxlade-Chamberlain
63%
20EnglandMidfielderAdam Lallana
61%
2EnglandDefenderNathaniel Clyne
58%
62Republic of IrelandGoalkeeperCoimhin Kelleher
48%
51NetherlandsDefenderKi-Jana Hoever
35%
72NetherlandsDefenderSepp Van Den Berg
34%
67EnglandMidfielderHarvey Elliott
28%
22EnglandGoalkeeperAndy Lonergan
24%

Score Distribution

Percentile by Number Answered

Percent of People with Each Score

Your Score History

You have not taken this quiz since the last reset